Erkenne das Lied an seiner Handlung - Statistiken

Allgemein
  • Dieses Quiz wurde 325 mal gespielt
  • Das Durchschnittsergebnis liegt bei 6 aus 12
Antwortstatistiken
Handlung Lied % Korrekt
Astronaut startet ins Weltall, verliert später den Kontakt zur Erde, lässt noch seine Frau grüßen und schwebt weiter. Major Tom (Völlig losgelöst)
83%
Nachdem das Rotlichtgewerbe aus der bayerischen Hauptstadt verbannt wurde, verlegt eine Dame ihre Dienste vor die Tore der Stadt und veröffentlicht ihre Telefonnummer in der Zeitung. Skandal im Sperrbezirk
81%
Frau ärgert sich über alle Maßen, dass es von ihrem Urlaub nur Schwarzweißbilder gibt. Du hast den Farbfilm vergessen
73%
Eltern sind besorgt über den musikalischen und modischen Lebenswandel ihres Sohnes und schlagen ihm unter anderem vor, sich eine Stelle in einer Werkstatt zu suchen oder Tiermedizin zu studieren. Junge
70%
Mann wird von Sehnsucht nach Freiheit an verschiedenen Orten in Amerika gepackt, entscheidet sich aber schließlich dafür, bei seiner Familie zu bleiben. Ich war noch niemals in New York
64%
Tramper findet keine Mitfahrgelegenheit und übernachtet stattdessen mit einer Radfahrerin auf einer landwirtschaftlich genutzten Fläche. Ein Bett im Kornfeld
63%
Zwei Menschen, die sich schon seit der Kindheit kennen, verlieben sich plötzlich an einem gemeinsamen Abend ineinander. 1000 und 1 Nacht
49%
Mann verliebt sich in Frau mit farbigem Namen, nachdem er sie tanzen gesehen hat, stellt dann aber fest, dass sie mit einem Arzt verheiratet ist. Cordula Grün
47%
Vier Frauen essen sich an Torte zu Tode. Aber bitte mit Sahne
42%
Mann erinnert sich, wie er auf einer Trauminsel mit Schnitzelwagen die Entwicklung eines Kindes der Sonne vom Mädchen zur Frau erlebte. Santa Maria
24%
Mann trifft auf den neuen Liebhaber seiner Freundin und fragt sich, womit er das verdient hat. Was soll das
24%
Anstatt seine Angebetete anzurufen, raucht ein Mann im Jahr 1986 drei Schachteln Zigaretten. Ich liebe dich
10%
Keine übereinstimmenden Quizze gefunden
Verteilung der Resultate
Anzahl Personen mit jedem Resultat
Perzentil nach korrekt beantworteten Fragen
Ihre Resultats-Entwicklung
Sie haben dieses Quiz noch nicht gespielt